000 00761 am a2200217 a 4500
005 20240223122527.0
008 100618s1991||||ag # f |||| 001 0 spa d
020 _a9505086505
041 _aspa
092 _c323.01
_l7
_sBID
100 1 _aBidart Campos, Germán J.
_91198
245 _aTeoría general de los derechos humanos /
_cGermán J. Bidart Campos.
250 _a1a ed.
_bSegún la 1a edición publicada en 1989 por la Universidad Nacional Autónoma de México.
260 _aBuenos Aires:
_bAstrea;
_c1991.
300 _a444 p.
500 _aBidart Campos, G. J. (1991). Teoría general de los derechos humanos. (1a ed.). Buenos Aires : Astrea.
653 _aCiencias Sociales
653 _aDerechos humanos
930 _a1660
942 _2ddc
_cBK
999 _c387
_d387